[Event "HUN-chT2 Erkel 1617"]
[Site "Hungary"]
[Date "2016.11.27"]
[Round "5.7"]
[White "Patai, Peter"]
[Black "Vamosi, Laszlo Jr"]
[Result "1/2-1/2"]
[WhiteElo "1842"]
[BlackElo "1970"]
[PlyCount "48"]
[EventDate "2016.09.25"]
[EventType "team-tourn"]
[EventRounds "11"]
[EventCountry "HUN"]
[SourceTitle "EXT 2021"]
[Source "ChessBase"]
[SourceDate "2020.10.23"]
[SourceVersion "1"]
[SourceVersionDate "2020.10.23"]
[SourceQuality "1"]
[WhiteTeam "Salgotarjan"]
[BlackTeam "Andornaktalya"]
[WhiteTeamCountry "HUN"]
[BlackTeamCountry "HUN"]

1. e4 d5 2. exd5 Qxd5 3. Nc3 Qe6+ 4. Be2 Qg6 5. Bf3 Nf6 6. Nge2 e6 7. 0-0 c6 8. d4 Bd6 9. Re1 Na6 10. Bf4 Bxf4 11. Nxf4 Qf5 12. Qd2 Qa5 13. Qe2 0-0 14. Ne4 Nxe4 15. Bxe4 Qg5 16. Nd3 Nc7 17. Ne5 Nd5 18. Bxd5 exd5 19. Qe3 Qxe3 20. Rxe3 Bf5 21. c3 f6 22. Nf3 Rfe8 23. Rae1 Rxe3 24. Rxe3 Kf7 1/2-1/2

[Event "Eger Agria op 40th"]
[Site "Eger"]
[Date "2016.07.22"]
[Round "7"]
[White "Patai, Peter"]
[Black "Hever, Janos"]
[Result "1/2-1/2"]
[WhiteElo "1886"]
[BlackElo "1683"]
[PlyCount "119"]
[EventDate "2016.07.18"]
[EventType "swiss"]
[EventRounds "8"]
[EventCountry "HUN"]
[SourceTitle "EXT 2020"]
[Source "ChessBase"]
[SourceDate "2019.10.17"]
[SourceVersion "1"]
[SourceVersionDate "2019.10.17"]
[SourceQuality "1"]

1. e4 e5 2. Nf3 d5 3. exd5 e4 4. Bb5+ Bd7 5. Bxd7+ Qxd7 6. Qe2 Qxd5 7. Nc3 Qe6 8. Nxe4 Be7 9. 0-0 Nc6 10. d3 f5 11. Nc3 Qxe2 12. Nxe2 0-0-0 13. a3 h6 14. Ng3 g6 15. b4 Bf6 16. Rb1 Nge7 17. Bb2 Bxb2 18. Rxb2 g5 19. Re1 f4 20. Ne4 Nf5 21. Rbb1 g4 22. Nfd2 Ncd4 23. c3 Nc2 24. Rec1 Nxa3 25. Ra1 Nb5 26. d4 h5 27. Nc4 h4 28. Ne5 Rhe8 29. Nf6 Re6 30. Nfxg4 Kb8 31. Nf7 Rf8 32. Nge5 Re7 33. Ra2 Rexf7 34. Nxf7 Rxf7 35. Re2 Re7 36. Rxe7 Nxe7 37. Re1 Nc8 38. Re4 Nxc3 39. Re8 b6 40. g4 Nd5 41. g5 Kb7 42. g6 Nce7 43. g7 a5 44. bxa5 bxa5 45. g8Q Nxg8 46. Rxg8 a4 47. Re8 a3 48. Re1 a2 49. Ra1 Nc3 50. Kf1 Kb6 51. Ke1 Kb5 52. Kd2 Kb4 53. Kc2 Kc4 54. Re1 Kxd4 55. Kb2 c5 56. Rc1 Ne4 57. Rd1+ Kc4 58. f3 Ng5 59. Kxa2 Nxf3 60. Rf1 1/2-1/2

[Event "HUN-chT2 Erkel 1516"]
[Site "Hungary"]
[Date "2015.10.18"]
[Round "3.11"]
[White "Patai, Peter"]
[Black "Nagy, Zsolt"]
[Result "0-1"]
[WhiteElo "1795"]
[BlackElo "1781"]
[PlyCount "80"]
[EventDate "2015.09.13"]
[EventType "team-tourn"]
[EventRounds "11"]
[EventCountry "HUN"]
[SourceTitle "CBM 170 Extra"]
[Source "ChessBase"]
[SourceDate "2016.02.25"]
[SourceVersion "1"]
[SourceVersionDate "2016.02.25"]
[SourceQuality "1"]
[WhiteTeam "Salgotarjan"]
[BlackTeam "Paszto"]
[WhiteTeamCountry "HUN"]
[BlackTeamCountry "HUN"]

1. e4 c5 2. Nc3 d6 3. f4 Nf6 4. Bc4 e6 5. d3 a6 6. Nf3 Nc6 7. a3 d5 8. Ba2 dxe4 9. Nxe4 Nxe4 10. dxe4 Qxd1+ 11. Kxd1 Be7 12. Be3 0-0 13. Ke2 Rd8 14. Rad1 Bd7 15. Rd3 Na5 16. Bd2 Nc6 17. Bc3 b5 18. Ne5 Nxe5 19. Bxe5 Bc6 20. Rg3 Bf8 21. Ke3 c4 22. Rf1 Rd7 23. f5 exf5 24. Rxf5 Re8 25. b3 g6 26. bxc4 Bg7 27. Bxg7 Rxe4+ 28. Kf2 Rd2+ 29. Kf1 Kxg7 30. c5 f6 31. Rff3 Ree2 32. Re3 Bxg2+ 33. Rxg2 Rxg2 34. c6 Rxh2 35. Kg1 Rxc2 36. c7 Rhd2 37. Re1 Rxc7 38. Bb3 Rc3 39. Rb1 Rdd3 40. Be6 Rxa3 0-1

[Event "HUN-chT2 Erkel 1516"]
[Site "Hungary"]
[Date "2015.10.04"]
[Round "2.11"]
[White "Hever, Janos"]
[Black "Patai, Peter"]
[Result "0-1"]
[WhiteElo "1681"]
[BlackElo "1795"]
[PlyCount "94"]
[EventDate "2015.09.13"]
[EventType "team-tourn"]
[EventRounds "11"]
[EventCountry "HUN"]
[SourceTitle "CBM 170 Extra"]
[Source "ChessBase"]
[SourceDate "2016.02.25"]
[SourceVersion "1"]
[SourceVersionDate "2016.02.25"]
[SourceQuality "1"]
[WhiteTeam "Matra"]
[BlackTeam "Salgotarjan"]
[WhiteTeamCountry "HUN"]
[BlackTeamCountry "HUN"]

1. e4 d6 2. f4 g6 3. Nf3 Bg7 4. Bc4 Nf6 5. Nc3 0-0 6. Be2 c5 7. 0-0 Nc6 8. d4 cxd4 9. Nxd4 Qb6 10. Be3 Qxb2 11. Nxc6 bxc6 12. Qd2 Qb7 13. Rab1 Qc7 14. Bf3 Ba6 15. Rfe1 Rab8 16. Rxb8 Rxb8 17. Rb1 Rxb1+ 18. Nxb1 Bc4 19. a3 Nd7 20. Qb4 Nb6 21. Kh1 c5 22. Qd2 Na4 23. h4 Qb6 24. Qc1 Ba2 25. Nd2 Bb2 26. Qe1 Bxa3 27. h5 Bb4 28. Qh4 Bxd2 29. Bxd2 Qb1+ 30. Kh2 Qxc2 31. Be1 f6 32. hxg6 hxg6 33. Qh6 Bf7 34. Qh3 Qb1 35. Qc8+ Kg7 36. Bg3 Nc3 37. e5 Qf5 38. Qb8 fxe5 39. fxe5 d5 40. e6 Bxe6 41. Be5+ Kf7 42. Qh8 Ne4 43. Qg7+ Ke8 44. Qh8+ Qf8 45. Qh7 Bf5 46. g4 Ng5 47. Bg7 Nxh7 0-1